| 000 | 00370nam a22001457a 4500 | ||
|---|---|---|---|
| 020 | _a978-1-4723-6341-7 | ||
| 082 |
_a823 _bBEN/B |
||
| 100 | _aBENTLY, PETER | ||
| 245 |
_aBUNNY LOVES TO READ _bPICTURE STORY |
||
| 246 |
_aBUNNY LOVES TO READ _bPICTURE STORY |
||
| 260 |
_aUK _bPARRAGON BOOKSMLTD _c2014 |
||
| 520 | _aPICTURE STORY | ||
| 650 | _aPICTURE STORY | ||
| 942 | _cBK | ||
| 999 |
_c2583 _d2583 |
||